000
00208 a2200097 4500
001
45221
100
_a
Kermode A.C
245
_a
Mechanics of flight
260
_a
New York
_b
Pitman
_c
090
_c
28412
_d
28412
942
_a
NUST-CAE
_c
M
_c
20461
999
_c
280294
_d
280294